1392 1765 1734 1683 1975 1337 1874 1032 1419 1323 1367 1649 1206 1633 1981 1042 1878 1616 1517 1128 1005 1455 1585 1397 1567 1633 1316 1055 1278 1471 1410 1631 1321 1899 1546 1330 1494 1431 1273 1082 1548 1774 1998 1387 1517 1533 1371 1213 1411 1530 1139 1509 1646 1712 1768 1759 1510 1179 1361 1783 1424 1805 1480 1486 1129 1849 1877 1902 1297 1441 1408 1379 1732 1425 1125 1972 1523 1343 1794 1894 1846 1191 1100 1245 1707 1461 1886 1032 1399 1711 1664 1073 1458 1190 1246 1174 1827 1815 1460 BCNSPRNW ULIB Ver.6.0+V

เปลี่ยนเป็นภาษาไทย

Change to English
 แสดงรายละเอียดบรรณานุกรม
  กลับหน้าหลัก

Brief Record : Get Marc (ISO 2709) : E-mail record : QR code < ปิดหน้าต่าง
LEADER : 00000nam 2200000uu 4500
001    13399107715
003     ULIB
008    110124s2553||||th 000 0 tha d
020    9789744017697
060 04 WQ100^bถ269ส 2553
245 00 สูติศาสตร์ฉุกเฉิน =^bEmergency obstetrics /^cบรรณาธิการถวัลย์วงค์ รัตนสิริ, ฐิติมา สุนทรสัจ, สมศักดิ์ สุทัศน์วรวุฒิ
246 31 Emergency obstetrics
250    พิมพ์ครั้งที่ 1
260    กรุงเทพฯ :^bคณะอนุกรรมการแม่และเด็กชุดที่ 10ราชวิทยาลัยสูตินรีแพทย์แห่งประเทศไทย,^c2553
300    [14], 326 หน้า ;^c30 ซม.
650  0 ภาวะฉุกเฉินทางสูติศาสตร์
650  2 Obstetrics
650  2 Emergencies^xin pregnancy
650  2 Emergency Medicine
650  7 สูติศาสตร์
650  7 ภาวะแทรกซ้อนขณะมีครรภ์
700 0  ถวัลย์วงค์ รัตนสิริ,^eบรรณาธิการ
700 0  ฐิติมา สุนทรสัจ,^eบรรณาธิการ
700 0  สมศักดิ์ สุทัศน์วรวุฒิ ,^eบรรณาธิการ
945    ^p300^l0^i028323
945    ^p300^l0^i028322
945    ^p300^l0^i028321
945    ^p300^l0^i028319
945    ^p300^l0^i028317
945    ^p300^l0^i029563
945    ^p300^l0^i029564
945    ^p300^l0^i029565
945    ^p300^l0^i028320
945    ^p300^l0^i028318
995    เกษร
999 ^a ใช้งานได้ทุกระบบ
รายการนี้ยังไม่มีแท็ก
คุณยังไม่ได้ล็อกอิน คุณสามารถมีกิจกรรมร่วมกับเว็บไซต์ได้ แต่ต้องล็อกอินก่อน ::
  ล็อกอิน

รายการสื่อสารสนเทศ

ลำดับที่ ประเภท เลขเรียก/บาร์โค้ด สถานที่ สถานะ
1. วิทยาศาสตร์การแพทย์ และสุขภาพ
หนังสือสำรอง
สถานะ=หนังสือสำรอง
WQ100 ถ269ส 2553 ฉ.1 
  Barcode: 028317
ห้องสมุดวิทยาเขตสวรรค์ประชารักษ์
►ส่วนจัดเก็บหนังสือเก่า สปร
บนชั้น
  ขอยืม
2. วิทยาศาสตร์การแพทย์ และสุขภาพ
วิทยาศาสตร์การแพทย์ และสุขภาพ
WQ100 ถ269ส 2553 ฉ.10 
  Barcode: 029565
ห้องสมุดวิทยาเขตสวรรค์ประชารักษ์
►ส่วนจัดเก็บหนังสือเก่า สปร
บนชั้น
  ขอยืม
3. วิทยาศาสตร์การแพทย์ และสุขภาพ
วิทยาศาสตร์การแพทย์ และสุขภาพ
WQ100 ถ269ส 2553 ฉ.2 
  Barcode: 028318
ห้องสมุดวิทยาเขตสวรรค์ประชารักษ์
►ส่วนจัดเก็บหนังสือเก่า สปร
บนชั้น
  ขอยืม
4. วิทยาศาสตร์การแพทย์ และสุขภาพ
วิทยาศาสตร์การแพทย์ และสุขภาพ
WQ100 ถ269ส 2553 ฉ.3 
  Barcode: 028319
ห้องสมุดวิทยาเขตสวรรค์ประชารักษ์
►ส่วนจัดเก็บหนังสือเก่า สปร
บนชั้น
  ขอยืม
5. วิทยาศาสตร์การแพทย์ และสุขภาพ
วิทยาศาสตร์การแพทย์ และสุขภาพ
WQ100 ถ269ส 2553 ฉ.4 
  Barcode: 028320
ห้องสมุดวิทยาเขตสวรรค์ประชารักษ์
►ส่วนจัดเก็บหนังสือเก่า สปร
บนชั้น
  ขอยืม
6. วิทยาศาสตร์การแพทย์ และสุขภาพ
วิทยาศาสตร์การแพทย์ และสุขภาพ
WQ100 ถ269ส 2553 ฉ.6 
  Barcode: 028322
ห้องสมุดวิทยาเขตสวรรค์ประชารักษ์
►ส่วนจัดเก็บหนังสือเก่า สปร
บนชั้น
  ขอยืม
7. วิทยาศาสตร์การแพทย์ และสุขภาพ
วิทยาศาสตร์การแพทย์ และสุขภาพ
WQ100 ถ269ส 2553 ฉ.7 
  Barcode: 028323
ห้องสมุดวิทยาเขตสวรรค์ประชารักษ์
►ส่วนจัดเก็บหนังสือเก่า สปร
บนชั้น
  ขอยืม
8. วิทยาศาสตร์การแพทย์ และสุขภาพ
วิทยาศาสตร์การแพทย์ และสุขภาพ
WQ100 ถ269ส 2553 ฉ.8 
  Barcode: 029563
ห้องสมุดวิทยาเขตสวรรค์ประชารักษ์
►ส่วนจัดเก็บหนังสือเก่า สปร
บนชั้น
  ขอยืม
9. วิทยาศาสตร์การแพทย์ และสุขภาพ
วิทยาศาสตร์การแพทย์ และสุขภาพ
WQ100 ถ269ส 2553 ฉ.9 
  Barcode: 029564
ห้องสมุดวิทยาเขตสวรรค์ประชารักษ์
►ส่วนจัดเก็บหนังสือเก่า สปร
บนชั้น
  ขอยืม

รายการใกล้เคียง
    หัวเรื่อง [ภาวะฉุกเฉินทางสูติศาสตร์]
    หัวเรื่อง [Obstetrics]
    หัวเรื่อง [Emergency Medicine]
    หัวเรื่อง [สูติศาสตร์]
    หัวเรื่อง [ภาวะแทรกซ้อนขณะมีครรภ์]

BibComment


ยังไม่เคยถูกคอมเมนท์

คอมเมนท์ทรัพยากรรายการนี้
  คอมเมนท์: สูติศาสตร์ฉุกเฉิน..


 Copyright 2026. Bcnsprnw @Library